000 00766nam a2200289Ia 4500
005 20260324131348.0
008 008 260324s9999 xx 000 0 eng d
020 _a9781003445739
037 _aEBOOK
040 _aCRL
040 _beng
040 _cCRL
041 _2eng
041 _aeng
084 _qCRL
100 _aMichelle Howard-Vital; Brenda Jarmon; Deborah A. Brunson; Linda L. Lampl
_91185229
245 0 _aLetters from the Future
245 0 _bLinking Students and Teaching with the Diversity of Everyday Life
260 _bTaylor and Francis
260 _c2006
365 _a
365 _b130
856 _uhttp://www.taylorfrancis.com/books/9781003445739
942 _cEBOOK
999 _c1782295
_d1782295